000 00446nam a2200097Ia 4500
008 180130s9999 xx 000 0 und d
245 _cVan Eijk, Pieter; Baker, Chris; Gaspirc, Romana; Kumar, Ritesh
_aGood flood, bad flood: maintaining dynamic river basins for community resilience
260 _c2013
300 _aBook title: The role of ecosystems in disaster risk reduction--Acession number C17927; pages 221-247
650 _aECOSYSTEM MANAGEMENT
999 _c354553
_d354553